Statistics for The Police - Ghost in the Machine

Click here to take the quiz!

General Stats

  • This quiz has been taken 13 times
  • The average score is 6 of 11

Answer Stats

SongAnswer% Correct
1Spirits in the Material World
89%
5Demolition Man
78%
2Every Little Thing She Does is Magic
78%
3Invisible Sun
78%
8One World (Not Three)
78%
7Re-Humanize Yourself
67%
11Darkness
44%
9Omegaman
44%
10Secret Journey
33%
4Hungry for You
22%
6Too Much Information
22%

Score Distribution

Percentile by Number Answered

Percent of People with Each Score

Your Score History

You have not taken this quiz